Open Data Biblioteca Nacional de Portugal


República Portuguesa: Ministério da Cultura
Biblioteca Nacional de Portugal

Catálogo da BNP: acesso por Identificadores Unívocos
Registos Bibliográficos associados ao registo de autoridade

Etiqueta de registo: 00254nbm 2200025 450
001 2104296
003 http://id.bnportugal.gov.pt/bib/catbnp/2104296
100 ## $a20220708d1774 k y0pory01030103ba
101 0# $aita
102 ## $aIT
105 ## $ay z 000yy
106 ## $ah
200 1# $a [ Carta do Cardeal Pallavicini para o núncio arcebispo de Petra sobre um breve apostólico]$bManuscrito]
210 #1 $aRoma,$d18 de Agosto de 1774
215 ## $a[1] f.$d30 cm
300 ## $aCópia
321 1# $aRef. em: Pinto, Pedro - «A «Itália» e os italianos nos fundos manuscritos da Biblioteca Nacional de Portugal: uma aproximação». In Alessandrini, Nunziatella et al., ed. - Scrigni della memoria. Arquivos e Fundos Documentais para o estudo das Relações Luso-Italianas. Lisboa: Cátedra de Estudos Sefarditas Alberto Benveniste, 2016. P. 254
620 ## $dRoma
700 #1 $aPallavicini,$bLazzaro Opizio,$f1719-1785$31851640
801 #0 $aPT$bBN$gRPC
966 ## $lBN$mRESMAN$sMSS. 31, n. 13, doc. 2
971 ## $ccatias$d20220708
997 ## $aBIBEOD

Etiqueta de registo: 00254nbm 2200025 450
001 2104251
003 http://id.bnportugal.gov.pt/bib/catbnp/2104251
100 ## $a20220708d1774 k y0pory01030103ba
101 0# $aita
102 ## $aIT
105 ## $ay z 000yy
106 ## $ah
200 1# $a [ Carta do Cardeal Pallavicini para o núncio arcebispo de Petra sobre o despacho de 26 de Julho]$bManuscrito]
210 #1 $aRoma,$d18 de Agosto de 1774
215 ## $a[1] f.$d30 cm
300 ## $aCópia
307 ## $aReclamos
321 1# $aRef. em: Pinto, Pedro - «A «Itália» e os italianos nos fundos manuscritos da Biblioteca Nacional de Portugal: uma aproximação». In Alessandrini, Nunziatella et al., ed. - Scrigni della memoria. Arquivos e Fundos Documentais para o estudo das Relações Luso-Italianas. Lisboa: Cátedra de Estudos Sefarditas Alberto Benveniste, 2016. P. 254
620 ## $dRoma
700 #1 $aPallavicini,$bLazzaro Opizio,$f1719-1785$31851640
801 #0 $aPT$bBN$gRPC
966 ## $lBN$mRESMAN$sMSS. 31, n. 13, doc. 1
971 ## $ccatias$d20220708
997 ## $aBIBEOD

Etiqueta de registo: 00254nbm 2200025 450
001 2287308
003 http://id.bnportugal.gov.pt/bib/catbnp/2287308
100 ## $a20250601j1775 k y0pory01030103ba
101 0# $apor rPTITTpor$aita
102 ## $aPTIT$aIT
105 ## $ay z 000yy
106 ## $ah
200 1# $a [ Correspondência de Sebastião José de Carvalho e Melo sobre a eleição do Papa Pio VI e as relações diplomáticas com a Santa Sé]$hN. XXVII$bManuscrito]
210 #1 $a[Lisboa];$aRoma,$d7 de Abril de 1775-11 de Nov[embr]o de 1775
215 ## $aF. [141-193]$d31 cm
300 ## $aOriginais autógrafos assinados e cópias coevas
304 ## $aTexto em português e italiano
307 ## $aManchado pela tinta ferrogálica e humidade
316 ## $aCota antiga: V-5-35
327 11 $aIntegra o "Compendio Historico E Collecçaõ Das Instrucçoens, e Negociaçoens, Officios, e Cartas, que manifestam o que passou: Entre esta Corte e a de Madrid: Entre ambas ellas, e a de Roma desde a intempestiva morte do Santo Padre Clemente XIV em 22 de Setembro de 1774 athe a inesperada Elleiçaõ do Summo Pontifice Pio VI"
701 #1 $aPallavicini,$bLazzaro Opizio,$f1719-1785$4070$31851640
701 #1 $aPombal,$cMarquês de,$f1699-1782$4070$371369
701 #1 $aConti,$bInnocenzo,$f1731-1785$4070$31956080
702 #1 $aCastro,$bMartinho de Melo e,$f1716-1795$4660$364349
702 #1 $aMendonça,$bFrancisco de Almada e,$f1720?-1783$4660$31716012
711 02 $aIgreja Católica.$bPapa,$c1775-1799 (Pio VI)$4070$3130863
801 #0 $aPT$bBN$gRPC
966 ## $lBN$mRESMAN$sCOD. 7202//27
971 ## $cipires$d20260601

OpendataBNP@bnportugal.pt | Mais informação sobre acesso aos dados BNP